| 000 | 00977nam a2200253Ia 4500 | ||
|---|---|---|---|
| 003 | OSt | ||
| 005 | 20220923211112.0 | ||
| 006 | a|||||r|||| 00| 0 | ||
| 007 | ta | ||
| 008 | 220922b |||||||| |||| 00| 0 hin d | ||
| 020 |
_a8181431596 (hbk) _c200 |
||
| 024 | _a265,853 | ||
| 037 |
_b369, 17/02/2011, Vani Prakashan _cTextual |
||
| 040 |
_aARTS _cARTS _bhin |
||
| 041 |
_2hin _ahin |
||
| 082 | _aO155,3N421,2, 152P4 | ||
| 100 |
_aलिंबाले, शरणकुमार; रणसुभे, सूर्यनारायण, अनु. _9158260 |
||
| 245 | 0 | _aहिंदू | |
| 246 | _aHiandū | ||
| 260 |
_aनयी दिल्ली _b वाणी प्रकाशन _c2004 |
||
| 300 |
_a150पृ. _ccm. |
||
| 942 |
_hO155,3N421,2, 152P4 _cTEXL _2CC |
||
| 999 |
_c295271 _d295271 |
||